书目信息 |
| 题名: |
积极生存的法则
|
|
| 作者: | 刘津 著 | |
| 分册: | ||
| 出版信息: | 北京 海潮出版社 2000 |
|
| 页数: | 343页 | |
| 开本: | 20cm | |
| 丛书名: | ||
| 单 册: | ||
| 中图分类: | B848.4 , B825 | |
| 科图分类: | ||
| 主题词: | 成功心理 , 成功心理--通俗读物 , 伦理学 | |
| 电子资源: | ||
| ISBN: | 7-80151-377-0 | |
| 000 | 00876cam0 2200277 450 | |
| 001 | 0939682015 | |
| 005 | 20150118165117.40 | |
| 010 | @a7-80151-377-0@dCNY20.50 | |
| 100 | @a20001209d2000 em y0chiy0110 ea | |
| 101 | 0 | @achi |
| 102 | @aCN@b110000 | |
| 105 | @aa z 000yy | |
| 106 | @ar | |
| 200 | 1 | @a积极生存的法则@Aji ji sheng cun de fa ze@f刘津著 |
| 210 | @a北京@c海潮出版社@d2000 | |
| 215 | @a343页@c图@d20cm | |
| 330 | @a本书讲述了积极生存的五大法则,包括人生是一种自我历练,社会是一所读不家的大学,人际关系是一座终身受用的富矿,工作是一种人生价值的体现,成功是一生的终极目标。 | |
| 510 | 1 | @aSecrets for Positive Living@zeng |
| 606 | 0 | @a成功心理 |
| 606 | 0 | @a成功心理@j通俗读物 |
| 606 | 0 | @a伦理学 |
| 690 | @aB848.4@v4 | |
| 690 | @aB825@v4 | |
| 701 | 0 | @a刘津@Aliu jin@4著 |
| 801 | 0 | @aCN@bTSSF@c20150118 |
| 905 | @a10447@dB825@eJY47 | |
| 积极生存的法则/刘津著 .-北京:海潮出版社,2000 |
| 343页:图;20cm |
| ISBN 7-80151-377-0:CNY20.50 |
| 本书讲述了积极生存的五大法则,包括人生是一种自我历练,社会是一所读不家的大学,人际关系是一座终身受用的富矿,工作是一种人生价值的体现,成功是一生的终极目标。 |
| ● |
| 相关链接 |
|
|
|
|
正题名:积极生存的法则
索取号:B825/JY47
 
预约/预借
| 序号 | 登录号 | 条形码 | 馆藏地/架位号 | 状态 | 备注 |
| 1 | 7820105 | 278201054 | 学院路分馆/ [索取号:B825/JY47] | 在馆 | |
| 2 | 7820106 | 278201063 | 学院路分馆/ [索取号:B825/JY47] | 在馆 | |
| 3 | 7820107 | 278201072 | 学院路分馆/ [索取号:B825/JY47] | 在馆 | |
| 4 | 7820108 | 278201081 | 学院路分馆/ [索取号:B825/JY47] | 在馆 | |
| 5 | 7848454 | 278484542 | 学院路分馆/ [索取号:B825/JY47] | 在馆 |